000 00762nam a22002177a 4500
999 _c6770
_d6770
005 20251125232810.0
008 s2531 th tha d
040 _aNALT
041 _atha
050 _aDS563 ส16ป
100 0 _aสมชัย ใจดี
245 1 0 _aประเพณีและวัฒนธรรมไทย [3rd]
260 3 _aกรุงเทพฯ :
_bไทยวัฒนาพานิช,
_c2531
300 _a136 หน้า
650 0 4 _aวัฒนธรรมไทย
650 0 4 _aไทย -- ความเป็นอยู่และประเพณี
700 0 _aสมชัย ใจดี
850 _aNALT
856 4 0 _uhttps://hdl.handle.net/20.500.14156/367448
_71
942 _cGB
_2lcc